000 00736cam a2200193 4500
001 X117928
008 020510n2002 000 0 eng u
035 _a(Sirsi) u117928
100 _aBrock, D.
245 _aPlanning obligations - ideas for reform
260 _c2002
490 _aJournal of Planning and Environment Law
_v[2002] JPL 12-19(9)
520 _aOutlines possible ideas for reforming the planning obligations procedure. Considers the purpose of the Town and Country Planning Act 1990 s106 and its limitations.
650 _aPLANNING OBLIGATIONS
650 _aTOWN AND COUNTRY PLANNING ACT 1990 S106
650 _aTOWN AND COUNTRY PLANNING ACT 1990 S106
690 _aPlanning and development
_96259
942 _n0
999 _c70236
_d70236